| 000 | 00980cam a2200301 a 4500 | ||
|---|---|---|---|
| 001 | 140907 | ||
| 003 | GBCCL | ||
| 005 | 20241126110426.0 | ||
| 008 | 051117s2004 flua 000 0 eng | ||
| 010 | _a 2004447960 | ||
| 020 | _a0882709682 (pbk.) | ||
| 020 | _a9780882709680 (pbk.) | ||
| 035 | _a(OCoLC)ocm56769047 | ||
| 035 | _a(OCoLC)56769047 | ||
| 040 |
_aDLC _cDLC _dBAKER _dBTCTA _dOCLCG _dLBB |
||
| 049 | _aLBBK | ||
| 050 | 0 | 0 |
_aBV3796 _b.C36 2004 |
| 082 | 0 |
_a269.2 _222 _bCAM |
|
| 082 | 0 | _a253.7 | |
| 090 |
_aBV3796 _b.C36 2004 |
||
| 100 | 1 |
_aCameron, Kirk, _d1970- _94766 |
|
| 245 | 1 | 4 |
_aThe school of biblical evangelism : _b101 lessons : how to share your faith simply, effectively, biblically-- the way Jesus did / _cKirk Cameron, Ray Comfort. |
| 260 |
_aGainesville, Fla. : _bBridge-Logos Publishers, _cc2004. |
||
| 300 |
_a768 p. : _bill. ; _c23 cm. |
||
| 650 | 0 |
_aEvangelistic work _xStudy and teaching. _94767 |
|
| 700 | 1 |
_aComfort, Ray. _9380 |
|
| 942 |
_2ddc _cBK |
||
| 999 |
_c2302 _d2302 |
||